Union Jack but with colours of other flags - Statistics

General Stats
  • This quiz has been taken 86 times
  • The average score is 9 of 16
Answer Stats
Picture Answer % Correct
United Kingdom
98%
Ireland
89%
Jamaica
89%
South Africa
86%
Luxembourg
70%
Italy
61%
Hungary
53%
France
48%
Yemen
48%
Democratic Republic of the Congo
44%
Netherlands
41%
Russia
36%
United States
36%
Iceland
29%
Thailand
21%
Puerto Rico
5%
No matching quizzes found
Score Distribution
Percent of People with Each Score
Percentile by Number Answered
Your Score History
You have not taken this quiz